[Event "IX Festival A"]
[Site "Cesenatico ITA"]
[Date "2004.09.09"]
[Round "6"]
[White "Ventura, Sergio"]
[Black "Novotny, Michal"]
[Result "1-0"]
[WhiteElo "2175"]
[BlackElo "2197"]
[PlyCount "97"]
[EventDate "2004.09.04"]

1. c4 e6 2. Nf3 d5 3. b3 Nf6 4. Bb2 Nbd7 5. Qc2 c6 6. e3 Be7 7. Rg1 a5 8. g4
O-O 9. h4 Ne4 10. Nc3 Bf6 11. d4 Nxc3 12. Bxc3 Be7 13. Bd3 Nf6 14. g5 Ne4 15.
Bxe4 dxe4 16. Qxe4 Bb4 17. Qc2 Qd6 18. Ne5 f6 19. gxf6 Rxf6 20. Ke2 b6 21. Rg3
Ra7 22. Rag1 Bxc3 23. Qxc3 Ba6 24. Ke1 c5 25. Ng4 Rg6 26. h5 cxd4 27. Qxd4 Qxd4
28. exd4 Rg5 29. f4 Rxg4 30. Rxg4 a4 31. Kd2 b5 32. Kc3 Rb7 33. Rg5 b4+ 34. Kc2
axb3+ 35. axb3 Rf7 36. Kd3 h6 37. Ra5 Bb7 38. Ke3 Bc6 39. Rg6 Re7 40. Rc5 Be8
41. Rg3 Ra7 42. Ke4 Kh7 43. Rh3 Ra3 44. Ke5 Ba4 45. Kxe6 Bxb3 46. Ke5 Bd1 47.
Rxa3 bxa3 48. Ra5 Bb3 49. c5 1-0

[Event "IX Festival A"]
[Site "Cesenatico ITA"]
[Date "2004.09.09"]
[Round "6"]
[White "Vuelban, Virgilio"]
[Black "Areklett, Ivar"]
[Result "1-0"]
[WhiteElo "2306"]
[BlackElo "2105"]
[PlyCount "79"]
[EventDate "2004.09.04"]

1. d4 Nf6 2. c4 Nc6 3. Nf3 d6 4. Nc3 e5 5. g3 Nd7 6. Bg2 g6 7. O-O Bg7 8. d5
Ne7 9. e4 O-O 10. Ne1 h6 11. Nd3 f5 12. b4 a5 13. bxa5 Rxa5 14. a4 fxe4 15.
Nxe4 b6 16. Bd2 Ra8 17. a5 Ba6 18. Qc1 Nf5 19. Re1 Nc5 20. Ra3 Nxd3 21. Rxd3
bxa5 22. Ra3 a4 23. Rxa4 Qd7 24. Ra3 Bb7 25. c5 Rxa3 26. c6 Qf7 27. Qxa3 Bc8
28. Rb1 Ne7 29. Rb5 Kh8 30. Qa4 Bf5 31. Be3 Bxe4 32. Bxe4 Nf5 33. Qa3 Nxe3 34.
Qxe3 Ra8 35. Rb7 Kh7 36. h4 h5 37. Qg5 Bh6 38. Qxh5 Ra1+ 39. Kg2 Ra2 40. Bxg6+
1-0

[Event "IX Festival A"]
[Site "Cesenatico ITA"]
[Date "2004.09.10"]
[Round "7"]
[White "Aldrovandi, Costantino"]
[Black "Bossoni, Mario"]
[Result "1/2-1/2"]
[WhiteElo "2275"]
[BlackElo "2009"]
[PlyCount "23"]
[EventDate "2004.09.04"]

1. e4 c5 2. c3 d5 3. exd5 Qxd5 4. d4 Nc6 5. Nf3 cxd4 6. cxd4 e5 7. Nc3 Bb4 8.
Bd2 Bxc3 9. Bxc3 e4 10. Ne5 Nxe5 11. dxe5 Ne7 12. Be2 1/2-1/2

[Event "IX Festival A"]
[Site "Cesenatico ITA"]
[Date "2004.09.10"]
[Round "7"]
[White "Areklett, Ivar"]
[Black "Masotti, Roberto"]
[Result "1-0"]
[WhiteElo "2105"]
[BlackElo "1874"]
[PlyCount "75"]
[EventDate "2004.09.04"]

1. e4 c5 2. Nf3 Nc6 3. d4 cxd4 4. Nxd4 e5 5. Nb5 d6 6. a4 Nf6 7. N1c3 a6 8. Na3
Bg4 9. Be2 Bxe2 10. Qxe2 Nd4 11. Qd3 d5 12. exd5 Nxd5 13. Nxd5 Qxd5 14. O-O Qc6
15. Be3 Rd8 16. Bxd4 Rxd4 17. Qg3 Qf6 18. Rfe1 Bd6 19. b3 e4 20. Qe3 Bf4 21.
Qe2 O-O 22. Nc4 Re8 23. Ne3 Bb8 24. Rad1 Qd6 25. g3 g6 26. Rxd4 Qxd4 27. Rd1
Qe5 28. Rd5 Qe6 29. Qd2 f5 30. Rd8 Kf7 31. c4 Bc7 32. Rd7+ Re7 33. Rxe7+ Kxe7
34. Qb4+ Ke8 35. Qxb7 Qe5 36. Nd5 Bd6 37. Qxh7 f4 38. Qxg6+ 1-0

[Event "IX Festival A"]
[Site "Cesenatico ITA"]
[Date "2004.09.10"]
[Round "7"]
[White "Bardi, Massimo"]
[Black "Pozzi, Enrico"]
[Result "0-1"]
[WhiteElo "2076"]
[BlackElo "2208"]
[PlyCount "42"]
[EventDate "2004.09.04"]

1. e4 e5 2. f4 exf4 3. Nf3 Ne7 4. Bc4 c6 5. Nc3 d5 6. exd5 cxd5 7. Bb3 h6 8.
Qe2 Be6 9. Nd4 Qb6 10. Ba4+ Nd7 11. Bxd7+ Kxd7 12. Nb3 Nc6 13. d3 Re8 14. Kd1
Bd6 15. Qf3 Ne5 16. Nxd5 Qc6 17. Nf6+ gxf6 18. Qxc6+ Nxc6 19. h3 Rhg8 20. Rf1
Rxg2 21. Bxf4 Bxf4 0-1

[Event "IX Festival A"]
[Site "Cesenatico ITA"]
[Date "2004.09.10"]
[Round "7"]
[White "Battaglia, Edoardo"]
[Black "Pruesse, Horst"]
[Result "0-1"]
[WhiteElo "1877"]
[BlackElo "2126"]
[PlyCount "88"]
[EventDate "2004.09.04"]

1. e4 c5 2. Nc3 a6 3. a4 Nc6 4. g3 g6 5. Bg2 Bg7 6. d3 d6 7. Be3 Nf6 8. h3 Bd7
9. Nge2 Qc8 10. f4 h5 11. e5 dxe5 12. Bxc5 exf4 13. Nxf4 O-O 14. O-O Rb8 15.
Qd2 b6 16. Ba3 b5 17. Bxc6 Qxc6 18. Bxe7 Rfe8 19. axb5 Qb6+ 20. Kh2 Rxe7 21.
Nfd5 Nxd5 22. Nxd5 Qd6 23. Nxe7+ Qxe7 24. Rae1 Qd6 25. Qf2 Be6 26. Qf4 Qxf4 27.
Rxf4 Rxb5 28. b3 Bc3 29. Re2 Ra5 30. Ra4 Rxa4 31. bxa4 Bd7 32. Re4 Be6 33. h4
Kf8 34. d4 Bf5 35. Re5 Bxd4 36. Rd5 Bc3 37. Rc5 Bb4 38. Rc6 a5 39. c3 Be7 40.
Kg1 Ke8 41. Kf2 Kd7 42. Rc4 Be6 43. Rd4+ Kc6 44. Ke2 Bf6 0-1

[Event "IX Festival A"]
[Site "Cesenatico ITA"]
[Date "2004.09.10"]
[Round "7"]
[White "Bentivegna, Francesco"]
[Black "Gaiba, Paolo"]
[Result "0-1"]
[WhiteElo "2250"]
[BlackElo "2145"]
[PlyCount "106"]
[EventDate "2004.09.04"]

1. e4 e5 2. Nf3 Nc6 3. Nc3 Bc5 4. Nxe5 Bxf2+ 5. Kxf2 Nxe5 6. d4 Qf6+ 7. Kg1 Ne7
8. Be2 N5g6 9. Be3 d5 10. Qd2 dxe4 11. Nxe4 Qe6 12. Bb5+ c6 13. Ng5 Qd6 14. Bc4
O-O 15. h4 Nd5 16. h5 Nge7 17. Bf2 h6 18. Ne4 Qc7 19. Bg3 Qd8 20. Re1 Kh8 21.
Bh4 f6 22. Bg3 Nf5 23. Bf2 b6 24. Bd3 Nfe7 25. c4 Nc7 26. Bb1 Bf5 27. Qf4 Bh7
28. Qd2 Qd7 29. Rh3 Rad8 30. Ra3 Ne6 31. Rd1 Qc7 32. Qe1 a5 33. c5 bxc5 34.
Nxc5 Nxc5 35. Bxh7 Kxh7 36. dxc5 Rxd1 37. Qxd1 Nd5 38. Bg3 Qa7 39. Bd6 Re8 40.
Kh2 Rd8 41. Ra4 Qb7 42. Qd2 Qb5 43. b3 Qf1 44. Qc2+ f5 45. Rf4 Nxf4 46. Qxf5+
Kg8 47. Qxf4 Qxf4+ 48. Bxf4 Kf7 49. Bd2 g6 50. hxg6+ Kxg6 51. g4 a4 52. b4 Re8
53. Kg3 Re2 0-1

[Event "IX Festival A"]
[Site "Cesenatico ITA"]
[Date "2004.09.10"]
[Round "7"]
[White "Bernardini, Luca"]
[Black "Lausen, Berthold"]
[Result "1/2-1/2"]
[WhiteElo "1760"]
[BlackElo "2059"]
[PlyCount "128"]
[EventDate "2004.09.04"]

1. f4 d5 2. b3 Nf6 3. Nf3 Bg4 4. e3 Nbd7 5. Bb2 c6 6. d3 e6 7. Nbd2 Bb4 8. c3
Bd6 9. Qc1 e5 10. Ba3 Qe7 11. Bxd6 Qxd6 12. fxe5 Nxe5 13. Nxe5 Qxe5 14. Nf3 Qe7
15. h3 Bh5 16. g4 Bg6 17. Qd2 O-O 18. Bg2 Rfe8 19. Kf2 h5 20. g5 Nd7 21. h4 Nc5
22. Bf1 Qe6 23. b4 Nd7 24. Bh3 Qd6 25. Rae1 a5 26. a3 axb4 27. axb4 Ne5 28.
Nxe5 Qxe5 29. d4 Qe4 30. Bg2 Qf5+ 31. Bf3 Ra3 32. Ra1 Rea8 33. Qb2 Rxa1 34.
Rxa1 Rxa1 35. Qxa1 Qc2+ 36. Kg3 Qd2 37. Qa8+ Kh7 38. Qxb7 Qe1+ 39. Kg2 Qxc3 40.
b5 Qd2+ 41. Kg3 Qe1+ 42. Kg2 Qd2+ 43. Kg3 cxb5 44. Qxb5 Qxe3 45. Qxd5 Qe1+ 46.
Kh3 Qf1+ 47. Kg3 Qe1+ 48. Kh3 Qb1 49. Kg3 Qg1+ 50. Kh3 Bd3 51. Be4+ Bxe4 52.
Qxe4+ g6 53. d5 Qf1+ 54. Kg3 Qg1+ 55. Kh3 Qa1 56. Kg3 Qc3+ 57. Kf4 Qc7+ 58. Kf3
Qh2 59. Ke3 Qg1+ 60. Kd3 Qa1 61. Kc4 Qa2+ 62. Kc5 Qa6 63. Qf4 Qa7+ 64. Kc6 Qa8+
1/2-1/2

[Event "IX Festival A"]
[Site "Cesenatico ITA"]
[Date "2004.09.10"]
[Round "7"]
[White "Bonacci, Mauro"]
[Black "Molina, Fabrizio"]
[Result "0-1"]
[WhiteElo "2204"]
[BlackElo "2246"]
[PlyCount "80"]
[EventDate "2004.09.04"]

1. e4 e6 2. d4 d5 3. Nd2 Be7 4. Ngf3 Nf6 5. Bd3 c5 6. c3 Nc6 7. e5 Nd7 8. O-O
g5 9. h3 h5 10. g4 hxg4 11. hxg4 Qb6 12. a4 cxd4 13. a5 Qc7 14. cxd4 f6 15. Re1
fxe5 16. dxe5 Ndxe5 17. Nxe5 Nxe5 18. Bb5+ Bd7 19. Bxd7+ Kxd7 20. Qe2 Bd6 21.
Nf1 Raf8 22. Kg2 Qc4 23. Qxc4 Nxc4 24. b3 Ne5 25. Be3 a6 26. Ra4 Nd3 27. Re2
Nf4+ 28. Bxf4 Rxf4 29. Rxf4 Bxf4 30. Rb2 Kc6 31. Ng3 Kb5 32. Nh5 Rf8 33. Nxf4
Rxf4 34. f3 Kxa5 35. Re2 Rf6 36. Re5 Rg6 37. f4 gxf4 38. Kf3 Kb4 39. Re1 Kxb3
40. Rb1+ Kc3 0-1

[Event "IX Festival A"]
[Site "Cesenatico ITA"]
[Date "2004.09.10"]
[Round "7"]
[White "Calzetta Ruiz, Monica"]
[Black "Anceschi, Vittorio"]
[Result "0-1"]
[WhiteElo "2289"]
[BlackElo "2261"]
[PlyCount "100"]
[EventDate "2004.09.04"]

1. e4 g6 2. d4 c6 3. Nc3 d5 4. Nf3 Bg7 5. h3 dxe4 6. Nxe4 Bf5 7. Ng3 Nf6 8. Bc4
O-O 9. Nxf5 Qa5+ 10. c3 Qxf5 11. O-O Nbd7 12. Re1 Nb6 13. Bb3 Rae8 14. a4 Nbd5
15. a5 Qc8 16. Bg5 e6 17. Ne5 Qc7 18. Qf3 Nd7 19. Nd3 Kh8 20. Re2 b6 21. axb6
axb6 22. Rae1 b5 23. Qg4 Ra8 24. Qh4 Ra7 25. Bh6 Rfa8 26. Bxg7+ Kxg7 27. Bc2
Qd8 28. Qg3 Qc7 29. Qh4 Qd8 30. Qg3 Qc7 31. Qf3 Qd8 32. Bb1 Qc7 33. h4 Qd8 34.
g3 Qf6 35. Qg4 Qf5 36. Qxf5 gxf5 37. Kg2 Kf6 38. Kf3 h6 39. Nf4 Nxf4 40. Kxf4
Nb6 41. Kf3 Nd5 42. Bd3 Ra1 43. Bc2 Rxe1 44. Rxe1 Ra2 45. Rb1 Nxc3 46. bxc3
Rxc2 47. Rb3 Ke7 48. Ke3 Kd6 49. f3 Kd5 50. Ra3 Kc4 0-1

[Event "IX Festival A"]
[Site "Cesenatico ITA"]
[Date "2004.09.10"]
[Round "7"]
[White "Carola, Paolo"]
[Black "Giussani, Igor"]
[Result "0-1"]
[WhiteElo "2053"]
[BlackElo "1670"]
[PlyCount "67"]
[EventDate "2004.09.04"]

1. e4 e5 2. Nf3 Nc6 3. d4 exd4 4. Nxd4 Bc5 5. Be3 Qf6 6. c3 Nge7 7. Bc4 O-O 8.
O-O Ne5 9. Be2 d6 10. f4 N5c6 11. Qd2 d5 12. Nb5 Bxe3+ 13. Qxe3 dxe4 14. Nxc7
Rb8 15. Nd2 Nf5 16. Qxe4 Qd8 17. Nd5 Re8 18. Qd3 Be6 19. Bg4 Ne3 20. Bxe6 Rxe6
21. f5 Re5 22. c4 Nxd5 23. Nf3 Qb6+ 24. Kh1 Ndb4 25. Qd2 Rxf5 26. Rae1 Rd8 27.
Qe2 h6 28. a3 Nd3 29. Rd1 Nf2+ 30. Rxf2 Rxd1+ 31. Qxd1 Qxf2 32. h3 Ne5 33. Qd8+
Kh7 34. Nh4 {...} 0-1

[Event "IX Festival A"]
[Site "Cesenatico ITA"]
[Date "2004.09.10"]
[Round "7"]
[White "Cioara, Andrei Nestor"]
[Black "Koller, Hubert"]
[Result "1-0"]
[WhiteElo "2373"]
[BlackElo "2107"]
[PlyCount "117"]
[EventDate "2004.09.04"]

1. e4 e5 2. Nf3 Nc6 3. d4 exd4 4. Nxd4 Bc5 5. Be3 Qf6 6. c3 Nge7 7. Bc4 d6 8.
O-O Ne5 9. Be2 Qg6 10. f3 O-O 11. Kh1 d5 12. Nd2 Bb6 13. Bf4 Qf6 14. Bg3 c5 15.
N4b3 N5g6 16. f4 Rd8 17. f5 Ne5 18. Qe1 Qd6 19. exd5 Nxf5 20. Rxf5 Bxf5 21. Nc4
Nxc4 22. Bxd6 Nxd6 23. c4 Re8 24. Qf1 Re5 25. Bd3 Bxd3 26. Qxd3 Rae8 27. Rf1
Re3 28. Qc2 Re2 29. Qc1 R8e3 30. Nd2 Ba5 31. Nf3 g5 32. Ng1 Rd2 33. a3 Ne4 34.
Nf3 Rde2 35. b4 cxb4 36. Nd4 Rd2 37. axb4 Bxb4 38. Nc2 Ree2 39. Ne1 g4 40. Qb1
Rb2 41. Qc1 Rbd2 42. Qb1 a5 43. c5 Bxc5 44. Qxb7 Nf2+ 45. Kg1 Nd3+ 46. Kh1 Rf2
47. Qc8+ Kg7 48. Qxg4+ Kh8 49. Qc8+ Kg7 50. Rg1 Bb4 51. Nxd3 Rxd3 52. Qg4+ Kf8
53. Rc1 Rfd2 54. Rc8+ Ke7 55. Qg5+ f6 56. Qg7+ Kd6 57. Rc6+ Kxd5 58. Qd7+ Ke5
59. Re6+ 1-0

[Event "IX Festival A"]
[Site "Cesenatico ITA"]
[Date "2004.09.10"]
[Round "7"]
[White "Costantini, Laura"]
[Black "Da Forno, Roberto"]
[Result "1-0"]
[WhiteElo "2068"]
[BlackElo "1748"]
[PlyCount "63"]
[EventDate "2004.09.04"]

1. e4 d5 2. exd5 Qxd5 3. Nc3 Qa5 4. d4 c6 5. h3 Nf6 6. Nf3 Bf5 7. Bd2 Qc7 8.
Bc4 e6 9. Bb3 Bd6 10. Qe2 O-O 11. O-O-O a5 12. g4 Bg6 13. Rdg1 b5 14. a4 b4 15.
Nd1 Ne4 16. h4 Nxd2 17. Nxd2 c5 18. h5 Bxc2 19. Bxc2 cxd4 20. Qd3 Rc8 21. Kb1
g6 22. hxg6 fxg6 23. Bb3 Nc6 24. Bxe6+ Kg7 25. Bxc8 Rxc8 26. Nc4 Bf4 27. g5 Ne5
28. Nxe5 Qxe5 29. Ne3 Rc7 30. Ng4 Qe6 31. Qxd4+ Kg8 32. Nh6+ 1-0

[Event "IX Festival A"]
[Site "Cesenatico ITA"]
[Date "2004.09.10"]
[Round "7"]
[White "Dallaglio, Giovanni"]
[Black "Salerni, Guido"]
[Result "1/2-1/2"]
[WhiteElo "2057"]
[BlackElo "1691"]
[PlyCount "69"]
[EventDate "2004.09.04"]

1. d4 Nf6 2. Nf3 g6 3. c4 Bg7 4. Nc3 O-O 5. g3 d6 6. Bg2 Nbd7 7. O-O e5 8. e4
exd4 9. Nxd4 Re8 10. h3 a6 11. Be3 Nc5 12. f3 Ne6 13. Qd2 Nxd4 14. Bxd4 Be6 15.
b3 Rb8 16. a4 Qe7 17. Rfe1 Rbd8 18. Rad1 c6 19. f4 Qc7 20. Kh2 Re7 21. Qf2 c5
22. Bxf6 Bxf6 23. e5 dxe5 24. Ne4 Bg7 25. Rxd8+ Qxd8 26. Nxc5 Bc8 27. Ne4 Qd4
28. Qxd4 exd4 29. Rd1 Bf5 30. Nc5 b6 31. Nd3 Bxd3 32. Rxd3 Re3 33. Bf1 Rxd3 34.
Bxd3 a5 35. Kg2 1/2-1/2

[Event "IX Festival A"]
[Site "Cesenatico ITA"]
[Date "2004.09.10"]
[Round "7"]
[White "De Andres Gonalons, Fernando"]
[Black "Hess, Christian Mathias"]
[Result "0-1"]
[WhiteElo "2087"]
[BlackElo "2318"]
[PlyCount "112"]
[EventDate "2004.09.04"]

1. d4 d5 2. c4 c6 3. Nf3 Nf6 4. Nc3 dxc4 5. a4 Bf5 6. e3 e6 7. Bxc4 Bb4 8. O-O
O-O 9. Qe2 Nbd7 10. e4 Bg6 11. e5 Nd5 12. Ne4 Be7 13. Ng3 Re8 14. a5 a6 15. b3
c5 16. Bb2 cxd4 17. Bxd4 Bb4 18. h4 h6 19. Qa2 Nc3 20. Bxc3 Bxc3 21. Rad1 Qc7
22. Ne2 Bxa5 23. Nf4 Nxe5 24. Nxe5 Qxe5 25. Nxg6 fxg6 26. Rd7 Bc7 27. g3 Rad8
28. Qd2 b5 29. Be2 Bb6 30. Kg2 Rxd7 31. Qxd7 Rd8 32. Qc6 Qd5+ 33. Qxd5 Rxd5 34.
Rc1 Rd2 35. Kf3 Rb2 36. Rc6 Rxb3+ 37. Kg2 Bd4 38. Rxa6 Kf7 39. Ra2 Kf6 40. Rc2
g5 41. h5 b4 42. Bc4 Rb1 43. Ra2 Rc1 44. Bd3 Rc3 45. Bg6 g4 46. Ra4 Bc5 47. Ra5
b3 48. Rb5 Bd4 49. Rb4 Ke5 50. Rb5+ Bc5 51. Kf1 Kd5 52. Bf7 Rc1+ 53. Kg2 Rc2
54. Kg1 Kc4 55. Rb7 Re2 56. Bg8 b2 0-1

[Event "IX Festival A"]
[Site "Cesenatico ITA"]
[Date "2004.09.10"]
[Round "7"]
[White "Del Vecchio, Gastone"]
[Black "Russo, Carmelo"]
[Result "1-0"]
[WhiteElo "1896"]
[BlackElo "1835"]
[PlyCount "118"]
[EventDate "2004.09.04"]

1. e4 c5 2. Nf3 d6 3. Bc4 Nc6 4. a3 g6 5. O-O Bg7 6. c3 Qb6 7. d3 Nf6 8. Re1
Bg4 9. h3 Bxf3 10. Qxf3 Ne5 11. Qe2 Nxc4 12. dxc4 O-O 13. Nd2 Rfe8 14. Nf3 Nd7
15. Rb1 Qb3 16. Bf4 e6 17. Bxd6 e5 18. Qd3 Qb6 19. Qd5 Rad8 20. Ng5 Qc6 21.
Qxf7+ Kh8 22. Ne6 Rxe6 23. Qxe6 Nf8 24. Qf7 Rxd6 25. f3 Qc8 26. Red1 Rf6 27.
Qe7 Re6 28. Rd8 Rxe7 29. Rxc8 b6 30. Rd1 Kg8 31. a4 Kf7 32. a5 Ne6 33. axb6 Bh6
34. Kf2 Rb7 35. bxa7 Rxa7 36. Rb8 Bg5 37. g3 Be7 38. Ke2 Nf8 39. Rb3 Ne6 40. h4
Nd8 41. Rb6 h6 42. Rd5 Rb7 43. Rb5 Rxb5 44. cxb5 Ke6 45. Kd3 Nb7 46. Kc2 Bd8
47. Kb3 Bb6 48. Ka4 c4 49. Rd2 Nc5+ 50. Kb4 Nb3 51. Rd1 Na5 52. Ra1 Bc5+ 53.
Kxa5 Kd6 54. Rd1+ Kc7 55. g4 Bb6+ 56. Ka6 Bc5 57. h5 g5 58. Rd5 Bd6 59. b6+ Kc6
1-0

[Event "IX Festival A"]
[Site "Cesenatico ITA"]
[Date "2004.09.10"]
[Round "7"]
[White "Di Caro, Calogero"]
[Black "Tomescu, Vlad"]
[Result "1-0"]
[WhiteElo "2322"]
[BlackElo "2397"]
[PlyCount "63"]
[EventDate "2004.09.04"]

1. Nf3 b5 2. e4 Bb7 3. Bxb5 Bxe4 4. O-O Nf6 5. d4 e6 6. c4 Be7 7. Nc3 Bb7 8.
Ba4 O-O 9. Re1 d6 10. d5 e5 11. c5 dxc5 12. Nxe5 Nxd5 13. Qf3 c6 14. Bc2 Nb4
15. Bb1 Nd7 16. Qh3 Nf6 17. Nd7 g6 18. Nxf8 Qxf8 19. Bh6 Qd8 20. Qf3 Nfd5 21.
h3 Nc7 22. Rd1 Nbd5 23. Be4 Qc8 24. Rac1 Qe6 25. Re1 Qf6 26. Qxf6 Bxf6 27. Na4
Ne6 28. Nxc5 Nxc5 29. Rxc5 Bxb2 30. Bxd5 cxd5 31. Rb5 Bc3 32. Reb1 1-0

[Event "IX Festival A"]
[Site "Cesenatico ITA"]
[Date "2004.09.10"]
[Round "7"]
[White "Dragojlovic, Andjelko"]
[Black "D'Innocente, Stefano"]
[Result "0-1"]
[WhiteElo "2309"]
[BlackElo "2197"]
[PlyCount "118"]
[EventDate "2004.09.04"]

1. e4 c5 2. Nf3 d6 3. c3 Nf6 4. Be2 g6 5. O-O Bg7 6. Bb5+ Bd7 7. Bxd7+ Nbxd7 8.
Re1 O-O 9. d4 cxd4 10. cxd4 d5 11. e5 Ne4 12. Nbd2 Nxd2 13. Bxd2 Qb6 14. Bc3
Nb8 15. h4 Nc6 16. h5 e6 17. g3 a5 18. Kg2 Qa7 19. Rh1 b5 20. Rh4 h6 21. Qd3 g5
22. Rg4 b4 23. Bd2 f5 24. exf6 Bxf6 25. Bxg5 hxg5 26. Nxg5 Bxg5 27. Rxg5+ Kf7
28. Rc1 Qxd4 29. Qh7+ Ke8 30. Rc2 Nd8 31. Re2 Ra7 32. Qg6+ Raf7 33. f4 Kd7 34.
Rge5 Rf6 35. Qg7+ R8f7 36. Qg8 Qd3 37. Qg4 Kc7 38. b3 Kd7 39. R2e3 Qd2+ 40. Re2
Qd1 41. Qg8 Rf5 42. h6 Rxe5 43. Rxe5 Qc2+ 44. Kf3 Qh7 45. Qg4 Kd6 46. Qg5 Nc6
47. g4 Qd3+ 48. Kg2 Qd2+ 49. Kg3 Qc3+ 50. Kh4 Nxe5 51. fxe5+ Kd7 52. Kh5 Re7
53. Qf6 Qh3+ 54. Kg5 d4 55. Qh8 Qe3+ 56. Kh5 d3 57. Qb8 d2 58. Qd6+ Ke8 59.
Qb8+ Kf7 0-1

[Event "IX Festival A"]
[Site "Cesenatico ITA"]
[Date "2004.09.10"]
[Round "7"]
[White "Facchetti, Gianni"]
[Black "Galassi, Federico"]
[Result "0-1"]
[WhiteElo "2190"]
[BlackElo "1943"]
[PlyCount "90"]
[EventDate "2004.09.04"]

1. e4 d6 2. d4 Nf6 3. Nc3 g6 4. Bg5 Bg7 5. e5 Nfd7 6. e6 fxe6 7. Nf3 c5 8. Be3
cxd4 9. Nxd4 Qa5 10. Nxe6 Bxc3+ 11. Bd2 Qe5+ 12. Qe2 Bxd2+ 13. Kxd2 Qa5+ 14. c3
Ne5 15. Qb5+ Qxb5 16. Bxb5+ Bd7 17. Nc7+ Kd8 18. Nxa8 Bxb5 19. b3 Bc6 20. f4
Ng4 21. Rae1 Na6 22. Re2 b5 23. Rd1 Re8 24. h3 Nf6 25. g4 Bxa8 26. f5 gxf5 27.
gxf5 Nc5 28. Rg1 Rg8 29. Rxg8+ Nxg8 30. Ke3 Nf6 31. Rc2 Be4 32. Rf2 Nd3 33. Rf1
Ne5 34. Kf4 Bg2 35. Ra1 Bxh3 36. a4 a6 37. axb5 axb5 38. Rg1 Nd5+ 39. Ke4 Nxc3+
40. Ke3 Bxf5 41. Rh1 Nd5+ 42. Kd4 e6 43. Ra1 h5 44. Ra8+ Kd7 45. Rh8 Nf3# 0-1

[Event "IX Festival A"]
[Site "Cesenatico ITA"]
[Date "2004.09.10"]
[Round "7"]
[White "Frilli, Guido"]
[Black "Vuelban, Virgilio"]
[Result "0-1"]
[WhiteElo "2131"]
[BlackElo "2306"]
[PlyCount "95"]
[EventDate "2004.09.04"]

1. e4 c5 2. Nf3 d6 3. c3 Nf6 4. Be2 Nbd7 5. d3 b6 6. Nbd2 Bb7 7. O-O e6 8. Re1
Be7 9. Bf1 O-O 10. d4 Qc7 11. Bd3 Rfe8 12. Nf1 Bf8 13. Ng3 g6 14. a4 a6 15. h3
e5 16. dxe5 Nxe5 17. Nxe5 dxe5 18. Qf3 Bg7 19. Bg5 Nd7 20. Bc4 Nf8 21. Rad1 Ne6
22. Bf6 Nf4 23. Bxg7 Kxg7 24. Qg4 Bc8 25. Qf3 Bd7 26. Ra1 b5 27. axb5 axb5 28.
Bb3 Bc6 29. Ne2 c4 30. Nxf4 exf4 31. Bc2 f5 32. Rxa8 Bxa8 33. g4 fxe4 34. Bxe4
Qe5 35. Bxa8 Qxe1+ 36. Kg2 Qe5 37. Qc6 Rf8 38. Qd7+ Rf7 39. Qd2 h5 40. Bf3 hxg4
41. hxg4 Rf6 42. Qd8 Rd6 43. Qc7+ Kf6 44. Qb8 Kg5 45. Qc7 Rd5 46. Qc6 Rd2 47.
Be4 f3+ 48. Kh3 0-1

[Event "IX Festival A"]
[Site "Cesenatico ITA"]
[Date "2004.09.10"]
[Round "7"]
[White "Gromovs, Sergejs"]
[Black "Koops, Randolf"]
[Result "1-0"]
[WhiteElo "2341"]
[BlackElo "2118"]
[PlyCount "85"]
[EventDate "2004.09.04"]

1. d4 Nc6 2. Nf3 d5 3. c4 dxc4 4. d5 Nb8 5. e4 Bg4 6. Bxc4 e5 7. h3 Bxf3 8.
Qxf3 Nf6 9. Nc3 a6 10. O-O Nbd7 11. Be3 Bc5 12. Bxc5 Nxc5 13. b4 Ncd7 14. Bb3
Qe7 15. a3 O-O 16. Rfc1 Ne8 17. Na4 a5 18. b5 Kh8 19. Qe3 f5 20. exf5 Rxf5 21.
Nc5 Nxc5 22. Rxc5 Nd6 23. Rac1 Raf8 24. Rxc7 Qh4 25. R1c2 h6 26. a4 R8f6 27.
Re7 e4 28. Re6 Rf3 29. gxf3 Rxf3 30. Rxe4 Qxh3 31. Re8+ Kh7 32. Rc4 Rxe3 33.
Rxe3 Qh5 34. Bc2+ Kg8 35. Rc7 g5 36. Rce7 Qg4+ 37. Kf1 Qc4+ 38. Bd3 Qxd5 39.
Rd7 Qc5 40. Re6 Qc1+ 41. Kg2 Nf7 42. Re8+ Kg7 43. Ree7 1-0

[Event "IX Festival A"]
[Site "Cesenatico ITA"]
[Date "2004.09.10"]
[Round "7"]
[White "Jonkman, Harmen"]
[Black "Brancaleoni, Maurizio"]
[Result "1/2-1/2"]
[WhiteElo "2425"]
[BlackElo "2298"]
[PlyCount "43"]
[EventDate "2004.09.04"]

1. e4 d6 2. d4 Nf6 3. Nc3 e5 4. dxe5 dxe5 5. Qxd8+ Kxd8 6. Bg5 Be6 7. O-O-O+
Nbd7 8. Nf3 Bd6 9. Nd2 h6 10. Bh4 Ke7 11. Nc4 g5 12. Bg3 Nh5 13. Nb5 Bxc4 14.
Bxc4 Ndf6 15. Nc3 Rad8 16. Nd5+ Nxd5 17. Rxd5 f6 18. f3 Nf4 19. Bxf4 exf4 20.
Kd2 Be5 21. Ke2 c6 22. Rxd8 1/2-1/2

[Event "IX Festival A"]
[Site "Cesenatico ITA"]
[Date "2004.09.10"]
[Round "7"]
[White "Kemeny, Matthias"]
[Black "Sanzani, Pierluigi"]
[Result "1-0"]
[WhiteElo "2074"]
[BlackElo "1955"]
[PlyCount "49"]
[EventDate "2004.09.04"]

1. e4 c5 2. Nf3 d6 3. d4 cxd4 4. Nxd4 Nf6 5. Nc3 g6 6. Be3 Bg7 7. f3 O-O 8. Qd2
Nc6 9. g4 Qa5 10. O-O-O Nxd4 11. Bxd4 Be6 12. a3 Rfc8 13. h4 Bc4 14. Bh3 Rc6
15. h5 b5 16. hxg6 hxg6 17. g5 Nh5 18. Bxg7 Kxg7 19. Bd7 Rc7 20. Qd4+ f6 21.
gxf6+ Nxf6 22. e5 Rxd7 23. exf6+ exf6 24. Qh4 Bg8 25. Qh8+ 1-0

[Event "IX Festival A"]
[Site "Cesenatico ITA"]
[Date "2004.09.10"]
[Round "7"]
[White "Lapenna, Antonio"]
[Black "Popa, Claudiu"]
[Result "0-1"]
[WhiteElo "2030"]
[BlackElo "2183"]
[PlyCount "142"]
[EventDate "2004.09.04"]

1. d4 d5 2. Nf3 Nf6 3. e3 e6 4. Bd3 b6 5. c3 Bd6 6. Nbd2 Bb7 7. O-O O-O 8. Qe2
Ne4 9. a4 a5 10. Ne5 f6 11. Nec4 Nxd2 12. Nxd2 f5 13. f3 c5 14. e4 fxe4 15.
fxe4 Rxf1+ 16. Nxf1 Ba6 17. Bxa6 Nxa6 18. Qg4 Nc7 19. e5 Bf8 20. Bg5 Qe8 21. h4
Be7 22. Ne3 Bxg5 23. Qxg5 Qd8 24. Qg3 Qe7 25. Rf1 Rf8 26. Rf4 Rxf4 27. Qxf4
cxd4 28. cxd4 b5 29. axb5 Nxb5 30. Nc2 Qc7 31. Qd2 h6 32. Qd3 Qc6 33. Kf2 Kf7
34. h5 Kg8 35. Ke3 Nc7 36. Kd2 Qe8 37. Qc3 Qf7 38. Qxa5 Qf2+ 39. Kc3 Ne8 40.
Qd8 Qf7 41. Qh4 Qc7+ 42. Kd2 Kf7 43. b3 Qb6 44. Qf4+ Ke7 45. Qe3 Kf7 46. Ke2
Nc7 47. Kf2 Nb5 48. Kg3 Kg8 49. Qd3 Qa5 50. Kh2 Na7 51. b4 Qd8 52. Qg6 Qe7 53.
Kg1 Kh8 54. g3 Qc7 55. Qd3 Qb7 56. Qc3 Qf7 57. Qc5 Qxh5 58. Ne3 Qe2 59. Nf1 Nb5
60. Qb6 Qc4 61. Qxe6 Qxd4+ 62. Kg2 Qe4+ 63. Kh3 Nd4 64. Qe8+ Kh7 65. Qh5 Nf3
66. g4 Ng5+ 67. Kg3 Qf3+ 68. Kh2 Qf2+ 69. Kh1 Qxf1+ 70. Kh2 g6 71. Qh4 Nf3+ 0-1

[Event "IX Festival A"]
[Site "Cesenatico ITA"]
[Date "2004.09.10"]
[Round "7"]
[White "Lucchi, Lorenzo"]
[Black "Del Nevo, Claudio"]
[Result "1-0"]
[WhiteElo "1577"]
[BlackElo "1941"]
[PlyCount "113"]
[EventDate "2004.09.04"]

1. e4 d6 2. d4 Nf6 3. Nc3 g6 4. Bc4 Bg7 5. Nf3 O-O 6. O-O c6 7. h3 b5 8. Bb3 b4
9. e5 dxe5 10. dxe5 bxc3 11. exf6 Bxf6 12. Bh6 Re8 13. Qxd8 Rxd8 14. Ng5 e6 15.
bxc3 Ba6 16. Rfd1 Bc8 17. Ba4 Bd7 18. Rd6 Be7 19. Rd2 Na6 20. Rad1 Nc5 21. Ne4
Nxe4 22. Rxd7 Nxc3 23. Rxd8+ Bxd8 24. Bxc6 Nxd1 25. Bxa8 Bb6 26. Kf1 Nxf2 27.
Ke2 f5 28. c4 Kf7 29. Bg5 e5 30. Bd5+ Kg7 31. Be3 Bxe3 32. Kxe3 Nd1+ 33. Kd2
Nb2 34. c5 Na4 35. c6 Nb6 36. c7 e4 37. Bb7 Kf6 38. Ke2 Ke5 39. a4 a5 40. c8=Q
Nxc8 41. Bxc8 f4 42. Bd7 g5 43. g4 fxg3 44. Ke3 h5 45. Bc6 g2 46. Kf2 g1=Q+ 47.
Kxg1 Kf4 48. Kf2 e3+ 49. Ke2 Kg3 50. Bd7 Kf4 51. h4 g4 52. Be8 g3 53. Bc6 Kg4
54. Kxe3 Kxh4 55. Bd7 Kg5 56. Kf3 h4 57. Bh3 1-0

[Event "IX Festival A"]
[Site "Cesenatico ITA"]
[Date "2004.09.10"]
[Round "7"]
[White "Maahs, Erich"]
[Black "Cottarelli, Franco"]
[Result "1-0"]
[WhiteElo "2155"]
[BlackElo "1942"]
[PlyCount "45"]
[EventDate "2004.09.04"]

1. e4 e5 2. f4 Bc5 3. Nf3 d6 4. Bc4 Nf6 5. d3 Nc6 6. c3 a6 7. Qe2 O-O 8. f5 Na5
9. Bg5 Nxc4 10. dxc4 Bd7 11. Nbd2 b5 12. g4 Bc6 13. O-O-O b4 14. cxb4 Bxb4 15.
Bxf6 gxf6 16. h4 Qb8 17. g5 Qb7 18. gxf6 Kh8 19. Ng5 Bxd2+ 20. Rxd2 Bd7 21. Qh5
Bxf5 22. exf5 Qxh1+ 23. Rd1 1-0